000 00486nam a2200181Ia 4500
001 23174
005 20260414150920.0
008 260414t2017||||xx |||||||||||||| ||spa||
041 _aESP
082 _a625.7
_bS24
100 _aSánchez Sabogal, Fernando
_eAUT
245 0 _aPavimentos asfálticos de carreteras :
_bguía práctica para los estudios y diseños
260 _c2017
300 _a516 páginas :
_c24 cm.
650 _a0
654 _aCIC
942 _cLIB
_dJUS
_fJUS
_2ddc
_n
999 _c23174
_d23174